Faz muito tempo (Record no. 146512)
[ view plain ]
| 000 -LÍDER | |
|---|---|
| campo de controle de tamanho fixo | 00275 a2200121 4500 |
| 001 - NÚMERO DE CONTROLE | |
| campo de controle | 146512 |
| 040 ## - FONTE DA CATALOGAÇÃO | |
| Instituição que transcreveu o registro | Escola São Tomás de Aquino |
| 100 ## - ENTRADA PRINCIPAL--NOME PESSOAL | |
| Nome pessoal | ROCHA, Ruth |
| 240 10 - TÍTULO UNIFORME | |
| Título uniforme | Faz muito tempo |
| Idioma da obra | por |
| 245 10 - TÍTULO | |
| Título | Faz muito tempo |
| 697 ## - ENTRADA DE ASSUNTO LOCAL--ENTIDADE COLETIVA (RLIN) | |
| Nome corporativo ou nome da jurisdição | *LITERATURA INFANTO |
| 942 ## - ELEMENTOS DE ENTRADA ADICIONADOS (KOHA) | |
| Tipo de material Koha | Livros |
| Situação do descarte | Situação das perdas | Situação física | Não pode ser emprestado | Biblioteca de origem | Biblioteca atual | Data de aquisição | Total de empréstimos | Número de chamada completo | Código de barras | Data de último acesso | Data do último empréstimo | Data do preço efetivo | Tipo de material Koha | Fonte da classificação ou esquema de arquivamento na estante |
|---|---|---|---|---|---|---|---|---|---|---|---|---|---|---|
| ESTA - SÃO BENTO | ESTA - SÃO BENTO | 30/04/2024 | 1 | 028.52 ROC FAZ | EST00000373 | 22/05/2024 | 07/05/2024 | 30/04/2024 | Livros | |||||
| Novo Tempo - Aureliano São José | Novo Tempo - Aureliano São José | 08/05/2025 | 9788516063009 | 08/05/2025 | 08/05/2025 | Livros | Classificação Decimal de Dewey |